000 00369cam a22001337a 4500
008 180718b1962 xxu||||| |||| 00| 0 eng d
082 _aD71 Et99
100 _aEtzioni, Amitai
245 _aHard way to peace: a new strategy
_cby Amitai Etzioni
260 _aNew York
_bCrowell-Collier
_c1962
300 _a285p.
650 _aDisarmament
650 _aNuclear disarmament
999 _c365010
_d365010